| 000 | 00329nam a22001217a 4500 | ||
|---|---|---|---|
| 020 | _a0321294319 | ||
| 082 |
_222 _a005.8 |
||
| 100 | _aHoglund, Greg and Butler, James. | ||
| 245 |
_aRookit : _bsubverting the windows kernel / |
||
| 260 |
_aUSA, _bAddison Wesley, _cc2006. |
||
| 300 |
_axiii, 324p. ; _bill. ; _c23 cm. |
||
| 942 |
_2ddc _cIT |
||
| 999 |
_c2142 _d2142 |
||